Laporan kajian sosiologuistik penggunaan, penguasaan dan pelaksanaan Bahasa Malaysia baku di Jabatan-Jabatan Negeri/ Persekutuan, Badan-badanBerkanun/Swasta dan kuasa-kuasa Tempatan di Sabah

Bibliographic Details
Format: Book
Published: Kuala Lumpur : Dewan Bahasa Dan Pustaka , 1992
Subjects:

MARC

LEADER 00000cam a2200000 7i4500
001 0000009752
002 000010618
005 20011126.0
020 |a 9836225463 
090 0 0 |a 499.238   |b LAP 
245 0 0 |a Laporan kajian sosiologuistik penggunaan, penguasaan dan pelaksanaan Bahasa Malaysia baku di Jabatan-Jabatan Negeri/ Persekutuan, Badan-badanBerkanun/Swasta dan kuasa-kuasa Tempatan di Sabah   |c disediakan oleh Nik Safiah Karim dan Hamdan Ariffin 
260 |a Kuala Lumpur :   |b Dewan Bahasa Dan Pustaka ,   |c 1992 
300 |a 169p. ;   |c 22cm. 
650 0 0 |a Basaha Malaysia   |z Sabah   |x Usage 
650 0 0 |a Malay language   |x Social aspects   |z Sabah 
999 |a 054402   |b BUKU   |c PINJAMAN   |e PERPUSTAKAAN KOMUNITI CAW KOTA DAMANSARA 
999 |a 054403   |b BUKU   |c PINJAMAN   |e PERPUSTAKAAN KOMUNITI PETALING JAYA